| 000 | 00830nac a22002171u 4500 | ||
|---|---|---|---|
| 010 | _a 2001279290 | ||
| 020 | _a0130888931 | ||
| 020 | _a8120322150 | ||
| 035 | _a(OCoLC)ocm46944964 | ||
| 082 | 0 | 0 |
_a004.36 _bT1641 |
| 090 |
_c434 _d434 |
||
| 100 | _aTanenbaum, Andrew S., | ||
| 245 | 1 | 0 |
_aDistributed systems : _bprinciples and paradigms / _cAndrew S. Tanenbaum, Maarten Van Steen. |
| 260 |
_aUpper Saddle River, N.J. : _bPrentice Hall,2003. _c2003. |
||
| 300 |
_axxii, 803 p. : _bill. ; _c24 cm. |
||
| 650 | 0 |
_aElectronic data processing _xDistributed processing. |
|
| 650 | 0 | _aDistributed operating systems (Computers) | |
| 700 | 1 | _aSteen, Maarten van. | |
| 942 |
_cBB _k004.36T1641 |
||
| 999 |
_c434 _d434 |
||